Γεωργία και περιβάλλον : πρακτικά συνεδρίου συνάντησης εργασίας, 25 Φεβρουαρίου 2000

Αποθηκεύτηκε σε:
Λεπτομέρειες βιβλιογραφικής εγγραφής
Συγγραφή απο Οργανισμό/Αρχή: Ελλάς. Υπουργείο Γεωργίας
Μορφή: Βιβλίο
Γλώσσα:Greek
Δημοσίευση: Αθήνα : Κέντρο Γαία; Μουσείο Γουλανδρή Φυσικής Ιστορίας, 2000
Θέματα:
Ετικέτες: Προσθήκη ετικέτας
Δεν υπάρχουν, Καταχωρήστε ετικέτα πρώτοι!

MARC

LEADER 00000cam a2200000 i 4500
001 1/32264
008 030206s2000 gre d
035 |l 10069307 
040 |a GR-MY-UA  |b gre  |e aacr 
041 0 |a gre 
082 0 |a 338.109495  |2 (21) 
245 0 0 |a Γεωργία και περιβάλλον :   |b πρακτικά συνεδρίου συνάντησης εργασίας, 25 Φεβρουαρίου 2000 /   |c Υπουργείο Γεωργίας 
260 |a Αθήνα :   |b Κέντρο Γαία; Μουσείο Γουλανδρή Φυσικής Ιστορίας,   |c 2000 
300 |a 469 σ.;  |b πιν.;  |c 24 εκ. 
504 |a Περιέχει βιβλιογραφία 
650 0 0 |a Agriculture  |x Environmental aspects  |z Greece  |x Congresses. 
650 0 0 |a Agriculture  |x Environmental aspects  |x Covernment policy  |z Greece  |x Congresses. 
710 1 |a Ελλάς.   |b Υπουργείο Γεωργίας. 
852 |a INST  |b LESVOS  |e 20030206  |h 338.109495 ΓΕΩ  |p 005100024844  |q 005100024844  |t BK  |y 0 
852 |a INST  |b LESVOS  |e 20030206  |h 338.109495 ΓΕΩ  |p 005100024845  |q 005100024845  |t BK  |y 0 
901 |a BIBL1-2003-1 
970 |a ΧΡΙΣΤΟΦΑ  |b ΝΙΚΗ  |z 2003/02/06